书目信息 |
| 题名: |
刑事诉讼举证责任 四
|
|
| 作者: | 宋纯新 主编 | |
| 分册: | ||
| 出版信息: | 北京 中国方正出版社 2001 |
|
| 页数: | 1846-2475页 | |
| 开本: | 19cm | |
| 丛书名: | 诉讼举证责任丛书 | |
| 单 册: | ||
| 中图分类: | D925.213.4 | |
| 科图分类: | ||
| 主题词: | 刑事诉讼--举证责任--中国 , 刑事诉讼 , 举证责任 | |
| 电子资源: | ||
| ISBN: | 7-80107-461-0 | |
| 000 | 00776oam2 2200265 45 | |
| 001 | (011001)c2001047258 | |
| 005 | 20090908090043.99 | |
| 009 | (011001)c2001047258 | |
| 010 | @a7-80107-461-0@dCNY30.00 | |
| 035 | @a(011001)c2001047258 | |
| 100 | @a20010521d2001 em y0chiy0110 ea | |
| 101 | 0 | @achi |
| 102 | @aCN@b110000 | |
| 105 | @ay z 000yy | |
| 200 | 1 | @a刑事诉讼举证责任 四@Axing shi su song ju zheng ze ren si@f宋纯新主编@Fsong chun xin zhu bian |
| 210 | @a北京@c中国方正出版社@d2001 | |
| 215 | @a1846-2475页@d19cm | |
| 225 | 2 | @a诉讼举证责任丛书 |
| 606 | 0 | @a刑事诉讼@x举证责任@y中国 |
| 606 | 0 | @a刑事诉讼 |
| 606 | 0 | @a举证责任 |
| 690 | @aD925.213.4@v4 | |
| 701 | 0 | @a宋纯新@Asong chun xin@4主编 |
| 801 | 0 | @aCN@c20090908 |
| 905 | @aBZT@dD925.213.4@e1-4 | |
| 刑事诉讼举证责任 四/宋纯新主编.-北京:中国方正出版社,2001 |
| 1846-2475页;19cm.-(诉讼举证责任丛书) |
| ISBN 7-80107-461-0:CNY30.00 |
| ● |
| 相关链接 |
|
|
|
正题名:刑事诉讼举证责任 四
索取号:D925.213.4/1-4
 
预约/预借
| 序号 | 登录号 | 条形码 | 馆藏地/架位号 | 状态 | 备注 |
| 1 | 399856 | 210263917 | 中心书库南/014架A面7层6列/ [索取号:D925.213.4/1-4] | 在馆 | |
| 2 | 399857 | 210263891 | 中心书库南/014架A面7层6列/ [索取号:D925.213.4/1-4] | 在馆 | |
| 3 | 399858 | 210263882 | 中心书库南/014架A面7层6列/ [索取号:D925.213.4/1-4] | 在馆 | |
| 4 | 399859 | 210263953 | 中心书库南/014架A面7层6列/ [索取号:D925.213.4/1-4] | 在馆 | |
| 5 | 399860 | 210263935 | 中心书库南/014架A面7层6列/ [索取号:D925.213.4/1-4] | 在馆 | |
| 6 | 399861 | 210263962 | 中心书库南/014架A面7层6列/ [索取号:D925.213.4/1-4] | 在馆 | |
| 7 | 399862 | 210263944 | 中心书库南/014架A面7层6列/ [索取号:D925.213.4/1-4] | 在馆 | |
| 8 | 399863 | 210263926 | 中心书库南/014架A面1层7列/ [索取号:D925.213.4/1-4] | 在馆 | |
| 9 | 399864 | 210263908 | 中心书库南/014架A面7层6列/ [索取号:D925.213.4/1-4] | 在馆 | |
| 10 | 399865 | 210263971 | 中心书库南/014架A面1层7列/ [索取号:D925.213.4/1-4] | 在馆 | |
| 11 | 426041 | 210532477 | 中心书库南/014架A面7层6列/ [索取号:D925.213.4/1-4] | 在馆 | |
| 12 | 426042 | 210532468 | 中心书库南/014架A面7层6列/ [索取号:D925.213.4/1-4] | 在馆 | |
| 13 | 426043 | 210532459 | 中心书库南/014架A面7层6列/ [索取号:D925.213.4/1-4] | 在馆 | |
| 14 | 426044 | 210532440 | 中心书库南/014架A面1层7列/ [索取号:D925.213.4/1-4] | 在馆 | |
| 15 | 426045 | 210532431 | 中心书库南/014架A面7层6列/ [索取号:D925.213.4/1-4] | 在馆 | |
| 16 | 426046 | 210532422 | 中心书库南/014架A面7层6列/ [索取号:D925.213.4/1-4] | 在馆 | |
| 17 | 426047 | 210532413 | 中心书库南/014架A面7层6列/ [索取号:D925.213.4/1-4] | 在馆 | |
| 18 | 426048 | 210532404 | 中心书库南/014架A面7层6列/ [索取号:D925.213.4/1-4] | 在馆 | |
| 19 | 426049 | 210532388 | 中心书库南/014架A面7层6列/ [索取号:D925.213.4/1-4] | 在馆 | |
| 20 | 426050 | 210532397 | 中心书库南/014架A面7层6列/ [索取号:D925.213.4/1-4] | 在馆 |